LEADER 01094nam 2200253la 450 001 9910481380203321 005 20230503095215.0 035 $a(UK-CbPIL)2090356589 035 $a(CKB)5500000000096840 035 $a(EXLCZ)995500000000096840 100 $a20230503d1614 uy | 101 0 $agrc 135 $aurcn||||a|bb| 200 10$aHermogenous Techne? re?torike? teleiotate?. Hermogenis Ars oratoria absolutissima, et libri omnes. Cum noua versione Latina e? regione contextus Graeci, & Commentariis Gasparis Laurentii 210 $aCologne $c[s.n.]$d1614 215 $aOnline resource ([16], 568, [16], 229, [3] p., 8º) 300 $aReproduction of original in Biblioteca Nazionale Centrale di Firenze. 700 $aHermogenes$factive 2nd century.$0851369 801 0$bUk-CbPIL 801 1$bUk-CbPIL 906 $aBOOK 912 $a9910481380203321 996 $aHermogenous Techn? r?torik? teleiotat?. Hermogenis Ars oratoria absolutissima, et libri omnes. Cum noua versione Latina è regione contextus Graeci, & Commentariis Gasparis Laurentii$92038557 997 $aUNINA